000 00818cab a22001815a 4500
001 L146189
008 081215e20081119xxkdo f s 000 0 eng d
035 _a(Sirsi) u146189
041 0 _aeng
100 1 _aPrior, Grant
245 0 0 _aNorth East's positive frame of mind
260 _c2008
490 _aContract Journal
_v446 (6701) 19 November 2008, 19-22 (2)
520 _aExplains that work is to be won in the North East region, due to major new infrastructure and education projects. Presents this region as the first one to be re-rated by the Construction Skills Network on recruitment predictions in the construction industry. Reports that there are still skill shortages in the region.
651 4 _aNorth East (England)
690 _aPROPERTY-COMMERCIAL PROPERTY-COMMERCIAL PROPERTY MARKET
942 _n0
999 _c81072
_d81072